Statistics for Most visited cities in Europe

Click here to take the quiz!

General Stats

  • This quiz has been taken 108 times
  • The average score is 12 of 15

Answer Stats

HintAnswer% Correct
2London
100%
1Paris
100%
3Rome
99%
4Madrid
98%
8Barcelona
97%
7Berlin
96%
11Amsterdam
94%
9Milan
88%
6Moscow
88%
10Athens
85%
15Dublin
82%
5Venice
80%
14Naples
54%
12Saint Petersburg
39%
13Malaga
17%

Score Distribution

Percentile by Number Answered

Percent of People with Each Score

Your Score History

You have not taken this quiz